Zero tolerance (Record no. 78576)
[ view plain ]
| 000 -LEADER | |
|---|---|
| fixed length control field | 01374cab a22002175a 4500 |
| 001 - CONTROL NUMBER | |
| control field | L137270 |
| 008 - FIXED-LENGTH DATA ELEMENTS--GENERAL INFORMATION | |
| fixed length control field | 070327e2007 xxk 000 0 eng d |
| 035 ## - SYSTEM CONTROL NUMBER | |
| System control number | (Sirsi) u137270 |
| 041 0# - LANGUAGE CODE | |
| Language code of text/sound track or separate title | eng |
| 100 1# - MAIN ENTRY--PERSONAL NAME | |
| Personal name | Nemeth, Hannah |
| 245 00 - TITLE STATEMENT | |
| Title | Zero tolerance |
| 260 ## - PUBLICATION, DISTRIBUTION, ETC. | |
| Date of publication, distribution, etc. | 2007 |
| 490 ## - SERIES STATEMENT | |
| Series statement | RICS Business |
| Volume/sequential designation | March 2007, 12-16(5) |
| 520 ## - SUMMARY, ETC. | |
| Summary, etc. | Discusses recent green initiatives spanning the property industry and the built environment. Covers: government plans to make new homes zero carbon compliant by 2016 (L135908); tackling carbon emissions in existing buildings; the RICS research ?The city climate challenge for 2050? (L135099); sustainability issues facing commercial property investors; the RICS report ?Green value? (L131391) and sustainable valuation; the energy performance of buildings directive (Directive 2002/91/EC); and promoting sustainable construction by a common European methodology on life cycle costing. Also includes four sustainable case studies: Passive houses in Denmark; Co-operative Insurance Solar Tower, Manchester; the Genesis Project, Taunton; and Honingham Earth sheltered social housing scheme. |
| 590 ## - LOCAL NOTE (RLIN) | |
| Local note | KA |
| 650 24 - SUBJECT ADDED ENTRY--TOPICAL TERM | |
| Topical term or geographic name entry element | DIRECTIVE 2002/91/EC |
| 651 #4 - SUBJECT ADDED ENTRY--GEOGRAPHIC NAME | |
| Geographic name | United Kingdom |
| Chronological subdivision | |
| 690 ## - LOCAL SUBJECT ADDED ENTRY--TOPICAL TERM (OCLC, RLIN) | |
| Topical term or geographic name as entry element | ENVIRONMENTAL AND LAND CONSULTANCY-ENERGY-ENERGY USE-ENERGY EFFICIENCY |
| 690 ## - LOCAL SUBJECT ADDED ENTRY--TOPICAL TERM (OCLC, RLIN) | |
| Topical term or geographic name as entry element | BUILT ENVIRONMENT-SUSTAINABLE CONSTRUCTION |
| 942 ## - ADDED ENTRY ELEMENTS (KOHA) | |
| Suppress in OPAC | 0 |
| Withdrawn status | Lost status | Source of classification or shelving scheme | Damaged status | Not for loan | Home library | Current library | Shelving location | Date acquired | Total Checkouts | Full call number | Barcode | Date last seen | Copy number | Price effective from | Koha item type |
|---|---|---|---|---|---|---|---|---|---|---|---|---|---|---|---|
| Dewey Decimal Classification | London | London | Journal article | 27/03/2007 | L137270 | 137270-1001 | 06/08/2019 | 1 | 06/08/2019 | Journal article |